| 000 | 00668nam a22001937a 4500 | ||
|---|---|---|---|
| 999 |
_c190937 _d190937 |
||
| 005 | 20220816103258.0 | ||
| 010 | _aUR-11669 | ||
| 020 |
_a9789391238551 _c200.00 |
||
| 035 | _aU-10224 | ||
| 037 |
_bDBAD/PUB _a- |
||
| 082 | _a841 | ||
| 100 | _aلطیف احمد خا ں | ||
| 245 |
_aعز یز بگھر وی : _bایک انقلا بی شاعر / _cلطیف احمد خا ں |
||
| 246 |
_aAziz Baghrawi: Ek Inqilabi Shair / _bby Latif Ahmad Khan |
||
| 260 |
_aNew Delhi _bEducational Publishing House _c2021 ء |
||
| 270 |
_aH.O. D1/16, Ansari Road, Darya Ganj _bNew Delhi _e110002 |
||
| 300 |
_a112 ص _c23cm(Hb) |
||
| 942 |
_2ddc _cUR _h841 _mل ط ی |
||